Abkürzungen aller europäischen Länder - Statistiken

Allgemein
  • Dieses Quiz wurde 135 mal gespielt
  • Das Durchschnittsergebnis liegt bei 33 aus 44
Antwortstatistiken
Hint Antwort % Korrekt
IS Island
92%
FR Frankreich
90%
AL Albanien
89%
DK Dänemark
89%
PL Polen
89%
GB Vereinigtes Königreich
89%
AD Andorra
88%
FI Finnland
88%
LU Luxemburg
88%
NL Niederlande
88%
DE Deutschland
86%
EE Estland
86%
PT Portugal
86%
SK Slowakei
86%
GR Griechenland
85%
IT Italien
85%
RO Rumänien
85%
VA Vatikan
85%
SM San Marino
83%
CH Schweiz
83%
RU Russland
82%
CZ Tschechien
82%
HU Ungarn
82%
ME Montenegro
79%
MC Monaco
78%
NO Norwegen
78%
BE Belgien
76%
BG Bulgarien
76%
LT Litauen
72%
MT Malta
72%
MD Moldawien
72%
IE Irland
71%
UA Ukraine
71%
AT Österreich
69%
LI Liechtenstein
68%
MK Nordmazedonien
65%
ES Spanien
63%
LV Lettland
61%
HR Kroatien
53%
BY Belarus
51%
SI Slowenien
47%
BA Bosnien und Herzegowina
32%
SE Schweden
24%
RS Serbien
24%
Keine übereinstimmenden Quizze gefunden
Verteilung der Resultate
Anzahl Personen mit jedem Resultat
Perzentil nach korrekt beantworteten Fragen
Ihre Resultats-Entwicklung
Sie haben dieses Quiz noch nicht gespielt